000 00359 a2200109 4500
001 ART_50046
005 20260410161631.0
008 260409a
245 1 0 _aEstados financieros en moneda homogénea, ajuste por inflación impositivo e impuestos diferidos
100 1 _aZgaib, Alfredo O.
773 0 _tEnfoques
_g- N°9 (sep. 2019)
_wREV416
999 _c12492
_d12492